000 01146nam a22003257a 4500
001 0045785
003 KOHA_MİRAKIL
005 20260207003457.0
007 ta
008 140313b2010 tu a|||gr||||#||||0|tur |
020 _a9780955242625
040 _aTR-BiSEU
_btur
_cTR-BiSEU
_erda
041 0 _atur
044 _ctu
050 _aBP190.5
_b.B56 2010
245 1 _a1001 icat :
_bdünyamızda İslam mirası/
_cEditör Salim T.S. Al-Hassani ; Türkçe baskısının yardımcı editörleri Talip Alp, Salim Aydüz ; çeviren Salih Tahir..
264 1 _aManchester :
_bFoundation for Science Technology & Civilisation
_c2010
300 _a377 sayfa :
_bresimli ;
_c26 cm.
336 _ametin
_btxt
_2rdacontent
337 _aaracısız
_bn
_2rdamedia
338 _acilt
_bnc
_2rdacarrier
500 _aÖzgün eser adı : 1001 inventions: Muslim heritage in our world.
500 _aDizin var.
500 _aKaynakça var.
650 0 _aIslam and science--History.
_910976
650 0 _aMuslim scientists--History.
_984320
650 0 _aTechnology and civilization.
_942898
650 0 _aIslamic civilization.
_947054
942 _2lcc
_cBK
999 _c45754
_d45754